Introduction to positive economics (Record no. 5640)

000 -LEADER
fixed length control field 00453nam a22001817a 4500
001 - CONTROL NUMBER
control field 5640
003 - CONTROL NUMBER IDENTIFIER
control field BD-DhUET
008 - FIXED-LENGTH DATA ELEMENTS--GENERAL INFORMATION
fixed length control field 141127b xxu||||| |||| 00| 0 eng d
040 ## - CATALOGING SOURCE
Transcribing agency 0
Modifying agency BD-DhUET
082 ## - DEWEY DECIMAL CLASSIFICATION NUMBER
Classification number 330
Item number LIP/1971
100 ## - MAIN ENTRY--PERSONAL NAME
Personal name Lipsey, Richard G.
245 ## - TITLE STATEMENT
Title Introduction to positive economics
250 ## - EDITION STATEMENT
Edition statement 3rd ed.
260 ## - PUBLICATION, DISTRIBUTION, ETC. (IMPRINT)
Name of publisher, distributor, etc. English Language Book
Place of publication, distribution, etc. Hampshire
Date of publication, distribution, etc. 1971
300 ## - PHYSICAL DESCRIPTION
Extent xx, 740 p.
Other physical details ill.
Dimensions 26 cm.
650 #0 - SUBJECT ADDED ENTRY--TOPICAL TERM
Topical term or geographic name as entry element Economics
942 ## - ADDED ENTRY ELEMENTS (KOHA)
Koha item type General Book
Holdings
Shelving location Date acquired Sublocation or collection (holding branch) Lost status Koha collection Withdrawn status Koha date last seen Price effective from Koha full call number Koha normalized classification for sorting Koha item type Piece designation (barcode) Source of classification or shelving scheme Damaged status Not for loan Location (home branch) Copy number
Circulation section2014-11-27Central Library, BUET   2014-11-272014-11-27330/LIP/1971330LIP1971General Book23693   Central Library, BUET1
Circulation section2014-11-27Central Library, BUET   2014-11-272014-11-27330/LIP/1971330LIP1971General Book23702   Central Library, BUET2
Circulation section2015-01-27Central Library, BUET   2015-01-272015-01-27330/LIP/1971330_000000000000000_LIP_1971General Book23689   Central Library, BUET3
Circulation section2015-01-27Central Library, BUET   2015-01-272015-01-27330/LIP/1971330_000000000000000_LIP_1971General Book23684   Central Library, BUET4
Circulation section2015-01-27Central Library, BUET   2015-01-272015-01-27330/LIP/1971330_000000000000000_LIP_1971General Book23710   Central Library, BUET5
Circulation section2015-01-27Central Library, BUET   2015-01-272015-01-27330/LIP/1971330_000000000000000_LIP_1971General Book23713   Central Library, BUET6
Cataloging section2015-01-27Central Library, BUET   2015-01-272015-01-27330/LIP/1971330_000000000000000_LIP_1971General Book23690   Central Library, BUET7
Circulation section2015-01-27Central Library, BUET   2015-01-272015-01-27330/LIP/1971330_000000000000000_LIP_1971General Book23698   Central Library, BUET8
Circulation section2015-01-27Central Library, BUET   2015-01-272015-01-27330/LIP/1971330_000000000000000_LIP_1971General Book23685   Central Library, BUET9
Circulation section2015-01-27Central Library, BUET   2015-01-272015-01-27330/LIP/1971330_000000000000000_LIP_1971General Book23712   Central Library, BUET10
Circulation section2015-01-28Central Library, BUET Non Fiction 2015-01-282015-01-28330/LIP/1971330_000000000000000_LIP_1971General Book23677   Central Library, BUET4
Circulation section2015-01-28Central Library, BUET Non Fiction 2015-01-282015-01-28330/LIP/1971330_000000000000000_LIP_1971General Book23706   Central Library, BUET30
Circulation section2015-01-28Central Library, BUET Non Fiction 2015-01-282015-01-28330/LIP/1971330_000000000000000_LIP_1971General Book23705   Central Library, BUET29
Circulation section2015-01-28Central Library, BUET Non Fiction 2015-01-282015-01-28330/LIP/1971330_000000000000000_LIP_1971General Book23680   Central Library, BUET16
Circulation section2015-04-20Central Library, BUET   2015-04-202015-04-20330/LIP/1971330_000000000000000_LIP_1971General Book23691   Central Library, BUET15